Ecología del Don : (Record no. 23567)

000 -CABECERA
fixed length control field 01615nam a22003017a 4500
003 - IDENTIFICADOR DEL NÚMERO DE CONTROL
control field AR-CdUCM
008 - DATOS DE LONGITUD FIJA--INFORMACIÓN GENERAL
fixed length control field 260331b2024 pe ||||| |||| 00| 0 spa d
040 ## - FUENTE DE LA CATALOGACIÓN
Agencia/entidad que catalogó originalmente la obra MUNICIPALIDAD PROVINCIAL DEL CUSCO
Entidad que transcribió la catalogación BIBLIOTECA MUNICIPAL DEL CUSCO
082 ## - NÚMERO DE LA CLASIFICACIÓN DECIMAL DEWEY
No. de Clasificación 333.7 /
Notacion interna F61
100 ## - ENTRADA PRINCIPAL--NOMBRE DE PERSONA
Nombre Personal Flores Moreno, Adhemir
245 ## - MENCIÓN DE TÍTULO
Título Ecología del Don :
Resto del título Estudio Etnográfico e Intercultural sobre crIsis Ecológica y Reciprocidad en Comunidades Campesinas Altoandinas (Quispicanchi, Cusco) /
260 ## - PUBLICACIÓN, DISTRIBUCIÓN, ETC.
Lugar de publicación, distribución, etc. Lima - Perú
Nombre de la editorial, distribuidor, etc. Centro de Estudios y Prevención de Desastres - PREDES
Fecha de publicación, distribución, etc. 2024
300 ## - DESCRIPCIÓN FÍSICA
Nº de Páginas Extensión 117 Páginas. :
Otros detalles físicos Imágenes
Dimensiones 21 X 29 cm.
500 ## - NOTA GENERAL
Bibliografía Páginas 111 - 117
505 ## - NOTA DE CONTENIDO CON FORMATO
Nota de contenido formateada Contenido: Capítulo 1: Fundamentos y objetivos de la investigación etnográfica y filosófica con enfoque intercultural -- Capítulo 2: Lecturas críticas campesinas sobre el impacto del cambio climático en sus identidades y formas de vida -- Capítulo 3: Acciones campesinas para afrontar los problemas -- Capítulo 4: Hacia un enfoque de interculturalidad crítica en los programas y proyectos en comunidades alto andinas...
650 ## - PUNTO DE ACCESO ADICIONAL DE MATERIA--TÉRMINO DE MATERIA
Descriptor Metodología de la investigación
9 (RLIN) 5165
650 ## - PUNTO DE ACCESO ADICIONAL DE MATERIA--TÉRMINO DE MATERIA
Descriptor La interculturalidad crítica
9 (RLIN) 52424
650 ## - PUNTO DE ACCESO ADICIONAL DE MATERIA--TÉRMINO DE MATERIA
Descriptor Ética de Investigación
9 (RLIN) 52425
650 ## - PUNTO DE ACCESO ADICIONAL DE MATERIA--TÉRMINO DE MATERIA
Descriptor La reciprocidad
9 (RLIN) 52426
650 ## - PUNTO DE ACCESO ADICIONAL DE MATERIA--TÉRMINO DE MATERIA
Descriptor Tierra nostra
9 (RLIN) 52427
650 ## - PUNTO DE ACCESO ADICIONAL DE MATERIA--TÉRMINO DE MATERIA
Descriptor Reduciendo riesgos
9 (RLIN) 52428
650 ## - PUNTO DE ACCESO ADICIONAL DE MATERIA--TÉRMINO DE MATERIA
Descriptor La ambivalencia de los bienes
9 (RLIN) 52429
650 ## - PUNTO DE ACCESO ADICIONAL DE MATERIA--TÉRMINO DE MATERIA
Descriptor El ayllu y la acción pólitica
9 (RLIN) 52430
650 ## - PUNTO DE ACCESO ADICIONAL DE MATERIA--TÉRMINO DE MATERIA
Descriptor Desarraigo, migración, y expulsión
9 (RLIN) 52431
942 ## - ELEMENTOS DE PUNTO DE ACCESO ADICIONAL (KOHA)
Fuente de clasificación
Tipo de item Libros-BMC
945 ## - PROCESAMIENTO DE INFORMACIÓN LOCAL (OCLC)
Catalogador jmcs
AAAA-MM-DD - Fecha de ingreso o modificacion 31/03/2026
Holdings
Estado de retiro (separado) Fuente de clasificación o esquema de estanterías Estado dañado Ubicación Sala donde se ubica Nombre de la colección Fecha de adquisición o compra Fuente de adquisición Costo, precio normal en soles Signatura topográfica Código de Barras Última vez visto (Koha) Tipo de ítem (Koha)
No     Sala Ciencias Sala Ciencias Book Cart 2026-03-31 Donación 30.00 333.7 / F61 SC0000002441 2026-03-31 Libros-BMC

Powered by Koha